|
|
|
|
| LEADER |
01120pam a22002538a 4500 |
| 001 |
00000195 |
| 005 |
20171026081022.0 |
| 008 |
110318s1998 ||||||viesd |
| 020 |
|
|
|c 35000
|
| 041 |
0 |
# |
|a vie
|
| 082 |
1 |
4 |
|a 609
|b C430NG
|
| 100 |
0 |
# |
|a Larousse
|
| 245 |
0 |
0 |
|a Con người và những phát minh
|b khám phá và phát minh, sáng chế may; Động cơ; Dụng cụ: truyền thống và các phương tiện thông tin đại chúng
|c Larousse; Đào Trọng Quang; Đặng Nộng Lâm...(những người khác)
|
| 246 |
0 |
1 |
|a Song song: L'Homme inventions
|
| 260 |
# |
# |
|a H.
|b Giáo dục
|c 1998
|
| 300 |
# |
# |
|a 264 tr.
|b ảnh màu
|c 30 cm
|
| 500 |
# |
# |
|a ĐTTS ghi: Bách khoa thư chuyên đề con người và những phát minh
|
| 700 |
0 |
# |
|a Đào Trong Quang
|
| 700 |
0 |
# |
|a Đặng Nộng Lâm
|
| 852 |
# |
# |
|b Kho mượn
|j KM.0001787, KM.0001788
|
| 852 |
# |
# |
|j KD.0000315
|b Kho đọc
|
| 852 |
# |
# |
|j KD.0000315
|j KM.0001788
|j KM.0001787
|
| 910 |
|
|
|d 18/03/2011
|
| 980 |
# |
# |
|a Trung tâm Học liệu Lê Vũ Hùng, Trường Đại học Đồng Tháp
|